| 000 | 00556cam a22001937a 4500 | ||
|---|---|---|---|
| 008 | 180718b2002 xxu||||| |||| 00| 0 eng d | ||
| 020 | _a0199243921 | ||
| 082 | _aB3 R39 | ||
| 100 | _aRichards, David | ||
| 245 |
_aGovernance and public policy in the United Kingdom _cby David Richards and Martin J. Smith |
||
| 260 |
_aOxford _bOxford Univ. Press _c2002 |
||
| 300 | _a312p. | ||
| 650 | _a(Written off) | ||
| 650 | _aGovernance | ||
| 650 | _aGlobalization | ||
| 650 | _aPublic policy | ||
| 650 | _aPublic administration | ||
| 700 | _aSmith, Martin J. | ||
| 999 |
_c401238 _d401238 |
||